Looney Tunes Personnages par Images - Statistiques

Statistiques générales
  • Ce quiz a été pris 99 fois
  • Le résultat moyen est 13 sur 40
Statistiques - réponses
Par images Réponse % Correct
Bugs Bunny
98%
Titi
96%
Daffy Duck
95%
Sylvestre / Grosminet
91%
Bip Bip
88%
Taz / Diable de Tasmanie
85%
Vil Coyote
77%
Speedy Gonzales
71%
Emma Webster / Mémé
68%
Porky Pig
56%
Sam le Pirate
56%
Pépé le Putois
55%
Lola Bunny
51%
Elmer Fudd
46%
Marvin le Martien
41%
Charlie le Coq
30%
Gossamer
24%
Hazel la Sorcière
24%
Hector le Bouledogue
21%
Tina Russo
18%
Cecil la Tortue
13%
K-9
13%
Pénélope Pussycat
10%
Ma Bear
9%
Ralph le Loup
9%
Sam le Chien de Berger
9%
Beaky Buzzard
7%
Charlie le Chien
7%
Henry Bear
7%
Hippety Hopper
7%
Mac & Tosh
7%
Claude le Chat
6%
George P. Dog
6%
Junyer Bear
6%
Egghead Jr.
5%
Hennery le Faucon
5%
Hubie & Bertie
5%
Instant Martians
5%
Miss Prissy
5%
Mishigan J. Frog
2%
Aucun quiz correspondant
Distribution des résultats
% des personnes avec chaque résultat
Percentile par nombre de réponses
Votre historique - résultats
Vous n’avez pas pris ce quiz